Guess the 1970s song lyrics #71 - Statistics

General Stats
  • This quiz has been taken 23 times
  • The average score is 180 of 263
Answer Stats
Answer % Correct
a
100%
he
94%
He
94%
the
94%
At
89%
at
89%
can
89%
in
89%
out
89%
to
89%
you
89%
You
89%
by
83%
for
83%
If
83%
if
83%
Is
83%
is
83%
it
83%
now
83%
of
83%
that
83%
that's
83%
then
83%
up
83%
Who
83%
all
78%
And
78%
and
78%
heart
78%
his
78%
I'm
78%
it's
78%
know
78%
movin
78%
time
78%
what
78%
your
78%
about
72%
attack
72%
Down
72%
get
72%
give
72%
have
72%
on
72%
from
67%
Good
67%
night
67%
Oh
67%
oh
67%
street
67%
can't
61%
oughta
61%
sai
61%
seems
61%
She
61%
should
61%
waste
61%
with
61%
With
61%
you're
61%
Anthony
56%
but
56%
grocery
56%
Mama
56%
money
56%
store
56%
such
56%
too
56%
works
56%
Yeah
56%
cause
50%
hard
50%
least
50%
never
50%
working
50%
Ack
44%
ack
44%
bartender
44%
Cadillac
44%
center
44%
country
44%
he's
44%
luck
44%
medical
44%
move
44%
needs
44%
pay
44%
pennies
44%
Saving
44%
Across
39%
back
39%
becomes
39%
broken
39%
door
39%
drive
39%
Hackensack
39%
house
39%
left
39%
mind
39%
mister
39%
note
39%
O'Leary
39%
someday
39%
Sonny
39%
Sullivan
39%
beat
33%
crazy
33%
fenders
33%
Leone
33%
overtime
33%
polish
33%
Sam
33%
Sergeant
33%
walking
33%
argue
28%
Chevy
28%
huh
28%
trading
28%
uh
28%
Uncle
28%
Ah
22%
Cacciatore's
22%
No matching quizzes found
Score Distribution
Percent of People with Each Score
Percentile by Number Answered
Your Score History
You have not taken this quiz